000 00783nam a2200241Ia 4500
003 OSt
005 20220923221312.0
006 a|||||r|||| 00| 0
007 ta
008 220922b |||||||| |||| 00| 0 hin d
024 _a196,839
037 _cTextual
040 _aARTS
_cARTS
_bhin
041 _2hin
_ahin
082 _aP152, 152L05
100 _aअग्रवाल, कैलाशचन्द्र
245 0 _aआधुनिक हिन्दी व्याकरण
246 _aĀdhunik hindī vyākaraṇa
260 _aआगरा
_b रंजन प्रकाशन
_c1970
300 _a134पृ.
_ccm.
942 _hP152, 152L05
_cTEXL
_2CC
999 _c348710
_d348710